El cambio partidista y de la actitud democrática en Venezuela, período 1998-2006 = Changes in partisanship and the democratic attitude in Venezuela, from 1998-2006 /
Guardado en:
| Hovedforfatter: | |
|---|---|
| Format: | Texto |
| Tags: |
Tilføj Tag
Ingen Tags, Vær først til at tagge denne postø!
|
MARC
| LEADER | 00000 a a2200000 04500 | ||
|---|---|---|---|
| 001 | 46869 | ||
| 003 | |||
| 040 | |||
| 090 | |a REV1025 24 (40) 2008 | ||
| 100 | |a Pereira Almao, Valia | ||
| 245 | |a El cambio partidista y de la actitud democrática en Venezuela, período 1998-2006 = |b Changes in partisanship and the democratic attitude in Venezuela, from 1998-2006 / |c Valia Pereira Almao | ||
| 773 | |g volumen24, número40 (enero-junio, 2008), páginas 13-29 | ||
| 999 | |c 24393 |d 24393 | ||
